000 00746cam a22002653a 4500
001 18057
003 PGUSA
005 20140828083402.0
008 060327s2006||||xxu|||||s|||||000 1 eng d
040 _aPGUSA
_beng
042 _adc
050 4 _aPS
100 1 _aReed, Myrtle,
_d1874-1911
245 1 0 _aFlower of the Dusk
_h[electronic resource] /
_cMyrtle Reed
260 _bProject Gutenberg,
_c2006
506 _aPublic domain in the USA.
516 _aElectronic text
653 _aFathers and daughters -- Fiction
653 _aBlind -- Fiction
653 _aPeople with disabilities -- Fiction
653 _aLove stories
830 0 _aProject Gutenberg
_v18057
856 4 0 _uhttp://www.gutenberg.org/ebooks/18057
942 _cEB
999 _c247312
_d247312